Platenie dane z nehnuteľnosti

Daňová povinnosť k dani z nehnuteľnosti. Suma daňovej povinnosti. Sadzby dane z nehnuteľnosti. Spôsob platenia dane, úrok z omeškania platenia dane.

Salvato in:
Dettagli Bibliografici
Autore principale: Bubeníková, Irena
Natura: Capitolo di libro
Lingua:slovacco
Soggetti:
Tags: Aggiungi Tag
Nessun Tag, puoi essere il primo ad aggiungerne!!

MARC

LEADER 00000naa a2200000 4500
001 0229616
005 20170427084647.3
041 0 |a slo 
044 |a SK 
245 1 0 |a Platenie dane z nehnuteľnosti  |c Irena Bubeníková 
520 |a Daňová povinnosť k dani z nehnuteľnosti. Suma daňovej povinnosti. Sadzby dane z nehnuteľnosti. Spôsob platenia dane, úrok z omeškania platenia dane. 
610 2 0 |a dane z nehnuteľností 
610 2 0 |a daňovníci 
610 2 0 |a povinnosť daňová 
610 2 0 |a úrok z omeškania 
100 1 |a Bubeníková, Irena